Environmental Science / The Way the World Works (Record no. 4149)
[ view plain ]
| 000 -LEADER | |
|---|---|
| fixed length control field | 01531cam a22002174a 4500 |
| 005 - ΗΜΕΡΟΜΗΝΙΑ ΚΑΙ ΩΡΑ ΤΕΛΕΥΤΑΙΑΣ ΕΝΗΜΕΡΩΣΗΣ | |
| Πεδίο ελέγχου | 20250605164137.0 |
| 008 - FIXED-LENGTH DATA ELEMENTS--GENERAL INFORMATION | |
| Πεδίο ελέγχου σταθερού μήκους | 250528s ||||||||||||||||||||||||d |
| 035 ## - SYSTEM CONTROL NUMBER | |
| System control number | 18837 |
| 020 ## - ISBN | |
| ISBN | 132854465 |
| 040 ## - ΠΗΓΗ ΚΑΤΑΛΟΓΟΓΡΑΦΗΣΗΣ | |
| Φορέας πρωτότυπης καταλογογράφησης | MC Athens Campus Library |
| Γλώσσα καταλογογράφησης | Ελληνικά, Μοντέρνα (1453-) |
| Modifying agency | MC Athens Campus Library |
| Κανόνες περιγραφικής καταλογογράφησης | AACR2 |
| 245 1# - ΤΙΤΛΟΣ ΚΑΙ ΔΗΛΩΣΗ ΥΠΕΥΘΥΝΟΤΗΤΑΣ | |
| Τίτλος | Environmental Science / The Way the World Works |
| 250 ## - EDITION STATEMENT | |
| Edition statement | 4th |
| 260 ## - PUBLICATION, DISTRIBUTION, ETC. | |
| Name of publisher, distributor, etc. | Prentice Hall, |
| Date of publication, distribution, etc. | 1993 |
| 300 ## - PHYSICAL DESCRIPTION | |
| Extent | 636 |
| 520 ## - SUMMARY, ETC. | |
| Summary, etc. | The Aim of Enviromental Science, What Ecosystems Are and How They Work, Ecosystems: What They Are, Ecosystems: How They Work, Ecosystems: What Keep Them the Same? What Makes Them Change?, Ecosystems: Adapting to Change - or Not, Finding a Balance Between Population and Soil Water and Agriculture, The Population Explosion: Causes and Consequences, Addressing the Population Problem, The Production and Distribution of Food, Soil and the Soil Ecosystem, Pests and Pest Control, Water and the Water Cycle and Water Management, Pollution, Sediments and Nutrints and Eutrophication, Sew3age Pollution and Rediscovering the Nutrient Cycle, Pollution from Hazardous Chemicals, Air Pollution and Its Control, Major Atmosheric Changes, Risks and Economics of Pollution, Resources: Biota and Refuse and Energy and Land, Wild Species: Diversity and Protection, Ecosystems as Resources, Converting Trash to Resources, Energy Resources: The Rise and Fall of Fossil Fuels, Nuclear Power: Promise and Problems. |
| 700 1# - ΠΡΟΣΘΕΤΗ ΑΝΑΓΡΑΦΗ--ΦΥΣΙΚΟ ΠΡΟΣΩΠΟ | |
| Personal name | Nebel Bernard J |
| 9 (RLIN) | 5103 |
| 700 1# - ΠΡΟΣΘΕΤΗ ΑΝΑΓΡΑΦΗ--ΦΥΣΙΚΟ ΠΡΟΣΩΠΟ | |
| Personal name | Wright Richard T |
| 9 (RLIN) | 5104 |
| 942 ## - ADDED ENTRY ELEMENTS (KOHA) | |
| Koha item type | Books |
| Τύπος τεκμηρίου | Βιβλιοθήκη | Τρέχουσα τοποθεσία | Barcode | Αριθμός εισαγωγής | Ημερομηνία απόκτησης | Ταξιθετικό σύμβολο | Αριθμός αντιτύπου | Κατάσταση απόσυρσης | Κατάσταση χαμένου | Κατάσταση κατεστραμμένου | Μη δανεισμός | Σύνολο δανεισμών | Ημερομηνία τελευταίας εμφάνισης | Η τιμή ισχύει από |
|---|---|---|---|---|---|---|---|---|---|---|---|---|---|---|
| Books | MC Athens Campus Library | MC Athens Campus Library | 9780000041487 | 3751 | 05/06/2025 | REF 363.7 WRI | 1 | 05/06/2025 | 05/06/2025 |